Essays in moral philosophy / (Record no. 17359)
[ view plain ]
| 000 -LEADER | |
|---|---|
| fixed length control field | 01155cam a22002651a 4500 |
| 001 - CONTROL NUMBER | |
| control field | 17359 |
| 003 - CONTROL NUMBER IDENTIFIER | |
| rucl marc code | BD-RjUL |
| 005 - DATE AND TIME OF LATEST TRANSACTION | |
| control field | 20211209000127.0 |
| 008 - FIXED-LENGTH DATA ELEMENTS--GENERAL INFORMATION | |
| fixed length control field | 140216s1958 wau b 000 0 eng d |
| 035 ## - SYSTEM CONTROL NUMBER | |
| System control number | (BD-RjUL)17417 |
| System control number | (OCoLC)10265425 |
| 040 ## - CATALOGING SOURCE | |
| Original cataloging agency | DLC |
| Transcribing agency | RPB |
| Modifying agency | OCoLC |
| -- | Uk |
| -- | DLC |
| -- | BD-RjUL |
| Language of cataloging | eng |
| 041 ## - LANGUAGE CODE | |
| Language code of text/sound track or separate title | eng |
| 082 00 - DEWEY DECIMAL CLASSIFICATION NUMBER | |
| Classification number | 170.4 |
| Author mark and year | ESS 1958 |
| 245 00 - TITLE STATEMENT | |
| Title | Essays in moral philosophy / |
| Statement of responsibility, etc. | edited by A.I. Melden. |
| 260 ## - PUBLICATION, DISTRIBUTION, ETC. (IMPRINT) | |
| Place of publication, distribution, etc. | Seattle : |
| Name of publisher, distributor, etc. | University of Washington Press, |
| Date of publication, distribution, etc. | 1958. |
| 300 ## - PHYSICAL DESCRIPTION | |
| Pagination | xii, 216 p. ; |
| Size | 22 cm. |
| 504 ## - BIBLIOGRAPHY, ETC. NOTE | |
| Bibliography, etc | Includes bibliographical references. |
| 505 0# - FORMATTED CONTENTS NOTE | |
| Formatted contents note | Blameworthiness and obligation / R.B. Brandt -- Obligation and motivation in recent moral philosophy / W.K. Frankena -- Legal and moral obligation / H.L.A. Hart -- Moral condemnation / G.E. Hughes -- Escapism: the logical basis of ethics / A.N. Prior -- On forgetting the difference between right and wrong / G. Ryle -- Moral rules and principles / M.G Singer -- Saints and heroes / J.O. Urmson. |
| 650 #0 - SUBJECT ADDED ENTRY--TOPICAL TERM | |
| Topical term or geographic name as entry element | Ethics. |
| 9 (RLIN) | 53498 |
| 700 1# - ADDED ENTRY--PERSONAL NAME | |
| Personal name | Melden, A. I. |
| Fuller form of name | (Abraham Irving), |
| Dates associated with a name | 1910- |
| 942 ## - ADDED ENTRY ELEMENTS (KOHA) | |
| Source of classification or shelving scheme | Dewey Decimal Classification |
| Koha item type | Books |
| Lost status | Source of classification or shelving scheme | Damaged status | Not for loan | Collection code | Permanent Location | Current Location | Shelving location | Date acquired | Source of acquisition | Cost, normal purchase price | Total Checkouts | Full call number | Date last seen | Copy number | Koha item type |
|---|---|---|---|---|---|---|---|---|---|---|---|---|---|---|---|
| Dewey Decimal Classification | Non-fiction | Central Library, University of Rajshahi | Central Library, University of Rajshahi | 03/04/1974 | Euro Bangladesh News Agency | 76.50 | 170.4 ESS 1958 | 16/02/2014 | C-3 | Books | |||||
| Dewey Decimal Classification | Non-fiction | Central Library, University of Rajshahi | Central Library, University of Rajshahi | 03/04/1974 | Euro B. D News Agency | 76.50 | 170.4 ESS 1958 | 08/04/2014 | C-4 | Books | |||||
| Dewey Decimal Classification | Non-fiction | Central Library, University of Rajshahi | Central Library, University of Rajshahi | 03/04/1974 | EURO-bangladesh news agency. | 76.50 | 170.4 ESS 1958 | 25/07/2016 | C-2 | Books | |||||
| Dewey Decimal Classification | Not For Loan | Non-fiction | Central Library, University of Rajshahi | Central Library, University of Rajshahi | Reading Room | 03/04/1974 | Euro-Bangladesh News Agency | 76.50 | 170.4 ESS 1958 | 01/12/2016 | C-1 | Books |